000 00518nam a2200193Ia 4500
001 43454
008 140425s9999 xx 000 0 und d
020 _aNA
040 _cPK-LaUMT
082 _aRHC 891.4393
_bMAR-A
100 _aAslam Awan, Muhammad
245 _aAhmad Khalil (Urdu)
_cAslam Awan, Muhammad<>Maryam Jamila
260 _aLahore,Pakistan:
_bMaktaba Tameraat Insaniyyat,
_c2006
300 _a320 p.
546 _aUR
650 _aPakistani literature-Urdu
700 _aMaryam Jamila
942 _cBK
999 _c41464
_d41464